000 00272nam a2200085Ia 4500
245 0 _aPortrait with keys : Joburg & what-what
100 _a VLADISLAVIC, Ivan Roggebaai [South Africa], 2006 1st ed
_9102959
942 _cBK
008 210818s9999 xx 000 0 und d
999 _c450136
_d450135